000 00439cam a22001451 4500
020 _a8130706067
100 1 _aCollins, Mary.
245 1 2 _aA first laboratory guide in psychology,
260 _aDelhi
_bCosmo publications
_c2007
300 _aviii, 108 p.
_billus.
500 _a"Supplementary to 'An introduction to experimental psychology' by the same authors."
650 0 _aPsychophysiology.
700 1 _aDrever, James,
942 _cBK
999 _c71
_d71